[Event "Essen"]
[Site "?"]
[Date "2005.08.26"]
[Round "7.16"]
[White "Schmid Hartmut"]
[Black "Mann Klaus Dieter"]
[Result "1/2-1/2"]
[WhiteElo "2226"]
[BlackElo "2094"]
[PlyCount "85"]
[EventDate "2005.??.??"]
[Source "www.chesslib.no"]
[SourceDate "2004.05.04"]

1. d4 Nf6 2. c4 g6 3. Nc3 Bg7 4. e4 d6 5. f4 O-O 6. Be2 c5 7. d5 e6 8. Nf3 exd5 9. e5 Nfd7 10. cxd5 dxe5 11. O-O Re8 12. Ng5 exf4 13. Bxf4 Ne5 14. Nge4 Nbd7 15. d6 b6 16. Bg5 f6 17. Qd5+ Kh8 18. Qxa8 fxg5 19. Qd5 a6 20. Kh1 g4 21. Rf2 Bh6 22. Re1 Be3 23. Rff1 Bd4 24. Rd1 b5 25. Rxd4 cxd4 26. Qxd4 Qb6 27. Qd2 Bb7 28. Qh6 Rg8 29. Qg5 Qd8 30. Qe3 Qb6 31. Qg5 Qd8 32. Qe3 Qb6 33. Qg3 h5 34. Nf6 Rf8 35. Nfe4 Bxe4 36. Nxe4 Rxf1+ 37. Bxf1 Qd4 38. Qf4 Kg7 39. b3 Nd3 40. Bxd3 Qxd3 41. Ng3 Nf6 42. Kg1 Qd5 43. a4 1/2-1/2

[Event "Bader mem op"]
[Site "?"]
[Date "2000.10.22"]
[Round "5.8"]
[White "Toth Daniel"]
[Black "Sapi Janos"]
[Result "1-0"]
[WhiteElo "2128"]
[BlackElo "2175"]
[PlyCount "59"]
[EventDate "2000.??.??"]
[Source "www.chesslib.no"]
[SourceDate "2004.05.04"]

1. d4 Nf6 2. c4 c5 3. d5 e6 4. Nc3 exd5 5. cxd5 g6 6. e4 d6 7. f4 a6 8. a4 Bg7 9. Bd3 O-O 10. Nge2 Bg4 11. O-O Nbd7 12. h3 Bxe2 13. Qxe2 Re8 14. Qf3 Qc7 15. e5 dxe5 16. f5 c4 17. Bc2 b5 18. Bg5 b4 19. Ne4 Nxe4 20. Bxe4 Nc5 21. d6 Qb6 22. Bxa8 e4 23. Qe3 Rxa8 24. Rad1 Qc6 25. Be7 Nd3 26. f6 Nxb2 27. fxg7 Nxd1 28. Rxd1 Kxg7 29. Qd4+ Kg8 30. d7 1-0